| 000 | 00349cam a2200145ua 4500 | ||
|---|---|---|---|
| 041 |
_aeng _h |
||
| 082 |
_a581.16 _bSIN/PL |
||
| 100 | _aSingh, B D . | ||
| 245 |
_aPlant breeding / _cB D Singh. _hTextual Documents |
||
| 260 |
_aNew Delhi : _bKalyani Publishers , _c1983. |
||
| 300 | _a516 ; . | ||
| 504 | _a | ||
| 942 | _cBK | ||
| 999 |
_c11299 _d11299 |
||